Statistics for Anhui Province Quiz

Click here to take the quiz!

General Stats

  • This quiz has been taken 42 times
  • The average score is 7 of 9

Answer Stats

HintAnswer% Correct
Capital and largest cityHe{fei}
94%
Millions of Anhui natives migrated to this megacity-municipality to the eastShanghai
94%
Major riverYangtze
91%
Mentioned dam was broken in order to impede an invasion by this country's armyJapan
88%
The capital has a ____ that is in China's equivalent of the Ivy LeagueUniversity
85%
Word for artful writing. Anhui is considered the best source of paper and ink for it.Calligraphy
79%
This Kuomintang leader ordered to break a dam in 1938, killing hundreds of thousandsChiang Kai-shek
79%
Huiju involves music, epic stories and colorful costumes, and was the basis for Peking ____Opera
68%
2000 martial arts movie that was partly shot in Hongcun villageCrouching Tiger, Hidden Dragon
56%

Score Distribution

Percentile by Number Answered

Percent of People with Each Score

Your Score History

You have not taken this quiz